Catalog

Record Details

Catalog Search



At risk int the promised land : Judges Cover Image Book Book

At risk int the promised land : Judges E. John Hamlin ; General Editors: Frederick Carlson Holmgren and George A. F. Knight

Hamlin, E. John (Author). Holmgren, Frederick C. (Added Author). Knight, George A. F. (Added Author).

Record details

  • ISBN: 0-8028-0432-2
  • Physical Description: 182 p.
  • Publisher: Grand Rapids, Michigan William B. Eerdmans 1990

Available copies

  • 1 of 1 copy available at Common Catalog SPOK.

Holds

  • 0 current holds with 1 total copy.
Show Only Available Copies
Location Call Number / Copy Notes Barcode Shelving Location Status Due Date
ETS Library 221.7 424470006701 Volný výběr Available -

LDR 00943nam a2 00277
00143879
003CZ-PrJAB
00520040121000000.0
008990416s1990 xxu e |||| |eng
009us
020 . ‡a0-8028-0432-2
035 . ‡a(CONS)443
035 . ‡aKPS6457
040 . ‡aABG450
041 . ‡aeng
08214. ‡a221.7
100 . ‡747 ‡aHamlin, E. John
245 . ‡aAt risk int the promised land : ‡bJudges ‡cE. John Hamlin ; General Editors: Frederick Carlson Holmgren and George A. F. Knight
260 . ‡aGrand Rapids, Michigan ‡bWilliam B. Eerdmans ‡c1990
300 . ‡a182 p.
490 . ‡aInternational theological commentary
653 . ‡aInternational theological commentary ‡aAt risk in the promised land: a commentary on the book of Judges
700 . ‡71767 ‡aHolmgren, Frederick C.
700 . ‡71614 ‡aKnight, George A. F.
8524 . ‡bETS ‡bETS ‡cVolný výběr ‡j221.7 ‡gP ‡p424470006701 ‡xreference
910 . ‡aABG450
999 . ‡a443 ‡bAUTOGEN ‡c443 ‡tbiblio
905 . ‡uadmin
901 . ‡a43879 ‡b ‡c43879 ‡tbiblio ‡sets

Additional Resources